Manažment očakávaní?

Rozsiahla a rýchla transformácia celej spoločnosti v kontexte globalizačných a eurointegračných procesov stavia pred manažment slovenských firiem nové výzvy. Jednou z nich je aj knowledge management. Moderný knowledge management je ucelený manažérsky koncept pre corporate governance s ambíciou integ...

Description complète

Enregistré dans:
Détails bibliographiques
Auteur principal: Patarák, Ondrej
Format: Chapitre de livre
Langue:slovaque
Sujets:
Tags: Ajouter un tag
Pas de tags, Soyez le premier à ajouter un tag!

MARC

LEADER 00000naa$a2200000$$$4500
001 0029652
005 20230808080848.2
041 0 |a slo 
044 |a SK 
245 1 0 |a Manažment očakávaní?  |c Ondrej Patarák 
520 |a Rozsiahla a rýchla transformácia celej spoločnosti v kontexte globalizačných a eurointegračných procesov stavia pred manažment slovenských firiem nové výzvy. Jednou z nich je aj knowledge management. Moderný knowledge management je ucelený manažérsky koncept pre corporate governance s ambíciou integrovať strategické, finančné a aj krízové riadenie hmotných finančných aj nehmotných aktív a tokov firmy spolu s rozvojom ľudí. Definovanie manažmentu očakávaní ako systematického procesu spoznávania, komunikácie, znižovania a napĺňania očakávaní všetkých významných, do podnikania firmy zainteresovaných strán. 
610 2 0 |a globalizácia hospodárstva 
610 2 0 |a kompetencie 
610 2 0 |a manažment 
610 2 0 |a riadenie znalostí 
610 2 0 |a spoločnosť globálna 
610 2 0 |a firmy 
610 2 0 |a manažéri 
610 2 0 |a komunikácia firemná 
100 1 |a Patarák, Ondrej